Normal view
MARC view
Entry Personal Name
001 - CONTROL NUMBER
- control field: 752262
003 - CONTROL NUMBER IDENTIFIER
- control field: OSt
005 - DATE AND TIME OF LATEST TRANSACTION
- control field: 20250414153910.0
008 - FIXED-LENGTH DATA ELEMENTS
- fixed length control field: 250414|| aca||aabn | a|a d
040 ## - CATALOGING SOURCE
- Original cataloging agency: OSt
- Transcribing agency: OSt
100 ## - HEADING--PERSONAL NAME
- Personal name: Gandhi, Gopalkrishna
670 ## - SOURCE DATA FOUND
- Source citation: Work cat.: (OSt)1308964: Gandhi, Gopalkrishna, Scorching love :, 2022.
